000 01152cam a2200325 a 4500
001 907
005 20230824112323.0
008 010730s2002 nyua b 000 1 eng
020 _a04394408069
040 _aDLC
_cDLC
_dDLC
_beng
050 0 0 _aPZ7.O81167
_bSs 2002
082 0 0 _aFic
100 1 _aOsborne, Mary Pope.
245 1 0 _aStage fright on a summer night /
_cby Mary Pope Osborne ; illustrated by Sal Murdocca.
250 _aFirst Scholastic printing, September 2002
260 _aNew York :
_bScholastic
_c2002.
300 _a70 pages :
_billustrations;
_c20 cm
490 1 _aMagic tree house ;
_vBook 25
505 _aN
520 _aJack and Annie travel in their magic tree house to Elizabethan London, where they become actors in a production of A Midsummer Night's Dream and try to rescue a tame bear.
521 _a560
_bLexile
521 _aN
_bRaz-Plus
650 1 _aTime travel
_vFiction.
650 1 _aTheater
_vFiction.
650 1 _aMagic
_vFiction.
650 1 _aTree houses
_vFiction.
700 1 _aMurdocca, Sal
_eillustrator
906 _a7
_bcbc
_corignew
_d1
_eocip
_f20
_gy-gencatlg
942 _2ddc
_cBK
_n0
999 _c907
_d907